5HLuxD.jpg

KING HENRY VIII SENIOR AND PRIMARY SCHOOL LIBRARY OPAC

Springtime crime / (Record no. 2005)

000 -LEADER
fixed length control field 01220cam a2200313 ab4500
001 - CONTROL NUMBER
control field 2328401
003 - CONTROL NUMBER IDENTIFIER
control field OSt
005 - DATE AND TIME OF LATEST TRANSACTION
control field 20230223095458.0
008 - FIXED-LENGTH DATA ELEMENTS--GENERAL INFORMATION
fixed length control field 210917s2018 nyua b 000 1 eng d
010 ## - LIBRARY OF CONGRESS CONTROL NUMBER
LC control number 2017018003
020 ## - INTERNATIONAL STANDARD BOOK NUMBER
International Standard Book Number 9781481499545
Qualifying information (hbk.)
040 ## - CATALOGING SOURCE
Original cataloging agency DLC
Language of cataloging eng
Transcribing agency DLC
Modifying agency BTCTA
-- YDX
-- BDX
-- CHILD
-- UAP
-- SO$
-- KVIJL
-- TCB
-- FWP
-- TNH
-- NYP
-- OCLCF
-- M@S
-- DLC
-- TCPL
-- KH8
Description conventions aacr2
042 ## - AUTHENTICATION CODE
Authentication code nbic
082 0# - DEWEY DECIMAL CLASSIFICATION NUMBER
Classification number 813.6 KEE
100 1# - MAIN ENTRY--PERSONAL NAME
Personal name Keene, Carolyn.
Relator term author
245 10 - TITLE STATEMENT
Title Springtime crime /
Statement of responsibility, etc. by Carolyn Keene ; illustrated by Peter Francis.
250 ## - EDITION STATEMENT
Edition statement First Aladdin hardcover edition.
260 ## - PUBLICATION, DISTRIBUTION, ETC.
Place of publication, distribution, etc. New York :
Name of publisher, distributor, etc. Aladdin,
Date of publication, distribution, etc. 2018.
300 ## - PHYSICAL DESCRIPTION
Extent 91 p. :
Other physical details ill. ;
Dimensions 20 cm.
490 1# - SERIES STATEMENT
Series statement Nancy Drew clue book ;
Volume/sequential designation 9.
520 ## - SUMMARY, ETC.
Summary, etc. Nancy and her Clue Crew meet Miss LaLa, a superstar who grew up in River Heights, and investigate what happened to the special hat she ordered for her concert at the annual Flower Sculpture contest.
650 #0 - SUBJECT ADDED ENTRY--TOPICAL TERM
Topical term or geographic name entry element Singers
Form subdivision Juvenile fiction.
650 #0 - SUBJECT ADDED ENTRY--TOPICAL TERM
Topical term or geographic name entry element Hats
Form subdivision Juvenile fiction.
650 #0 - SUBJECT ADDED ENTRY--TOPICAL TERM
Topical term or geographic name entry element Flowers
Form subdivision Juvenile fiction.
650 #0 - SUBJECT ADDED ENTRY--TOPICAL TERM
Topical term or geographic name entry element Detective and mystery stories.
700 1# - ADDED ENTRY--PERSONAL NAME
Personal name Francis, Peter,
Dates associated with a name 1973-
Relator term illustrator
830 #0 - SERIES ADDED ENTRY--UNIFORM TITLE
Uniform title Nancy Drew clue book ;
Volume/sequential designation 9.
942 ## - ADDED ENTRY ELEMENTS (KOHA)
Source of classification or shelving scheme
Koha item type Books - Non Ficton
Holdings
Withdrawn status Lost status Source of classification or shelving scheme Damaged status Not for loan Collection code Permanent Location Current Location Shelving location Date acquired Total Checkouts Full call number Barcode Date last seen Date last checked out Price effective from Koha item type
          Non-Fiction KH8 Primary School Library KH8 Primary School Library Non Fiction 2023-02-23 2 813.6 KEE KHPL000003714 2025-12-05 2025-02-10 2023-02-23 Books - Non Ficton

Powered By KH8 IT Dept